00533nam a2200169Ia 4500003000900000008004100009040001600050080002500066110003300091245009700124260005000221300000900271500001900280650001900299650003100318650001400349IN-BaIIA211028s9999 xx 000 0 eng d cIIA Library a083.7:621.822.7bISI aIndian Standards Institution 0aIndian standard glossary of terms relating to rolling bearingscIndian Standards Institution aNew DelhibIndian Standards Institutionc1965 a30p. aIS 2399 : 1964 aNASA Thesaurus aRolling Bearings-Standards aStandards